[Event "Moscow op-A 13th"]
[Site "Moscow"]
[Date "2017.02.01"]
[Round "5"]
[White "Tran, Minh Thang"]
[Black "Chapurin, Alexey V"]
[Result "1-0"]
[WhiteElo "2399"]
[BlackElo "2305"]
[PlyCount "95"]
[EventDate "2017.01.28"]
[EventType "swiss"]
[EventRounds "9"]
[EventCountry "RUS"]
[SourceTitle "EXT 2018"]
[Source "ChessBase"]
[SourceDate "2017.10.13"]
[SourceVersion "1"]
[SourceVersionDate "2017.10.13"]
[SourceQuality "1"]

1. d4 d5 2. Bf4 Nf6 3. e3 c6 4. c4 a6 5. Nc3 b5 6. cxd5 cxd5 7. Bd3 Nc6 8. Rc1 Bb7 9. Nf3 Rc8 10. 0-0 e6 11. Ne5 Nxe5 12. dxe5 Nd7 13. Qg4 h5 14. Qg3 h4 15. Qg4 g5 16. Bxg5 Nxe5 17. Bxd8 Nxg4 18. Bb6 Bd6 19. f4 f5 20. a4 b4 21. Ne2 Ke7 22. Rxc8 Rxc8 23. Rc1 Rg8 24. h3 Nf6 25. Nd4 Nd7 26. Ba5 Rg3 27. Re1 Nc5 28. Bxf5 exf5 29. Nxf5+ Ke6 30. Nxd6 Nd3 31. Rd1 Nxb2 32. Rb1 Kxd6 33. Rxb2 b3 34. Rxb3 Bc6 35. Be1 Rg8 36. Bxh4 d4 37. Bg5 dxe3 38. Rxe3 Bxa4 39. Be7+ Kd7 40. f5 Bc2 41. f6 Bg6 42. Ra3 Ra8 43. Ra5 Kc6 44. g4 Bd3 45. g5 Rh8 46. Ra3 Bc4 47. g6 Rh4 48. f7 1-0

[Event "Moscow op-A 13th"]
[Site "Moscow"]
[Date "2017.01.28"]
[Round "1"]
[White "Chapurin, Alexey V"]
[Black "Predke, Alexandr"]
[Result "0-1"]
[WhiteElo "2305"]
[BlackElo "2573"]
[PlyCount "72"]
[EventDate "2017.01.28"]
[EventType "swiss"]
[EventRounds "9"]
[EventCountry "RUS"]
[SourceTitle "CBM 176 Extra"]
[Source "ChessBase"]
[SourceDate "2017.03.02"]
[SourceVersion "1"]
[SourceVersionDate "2017.03.02"]
[SourceQuality "1"]

1. Nf3 d5 2. g3 c6 3. Bg2 Bg4 4. d3 Nd7 5. Nbd2 e5 6. h3 Be6 7. e4 dxe4 8. Nxe4 h6 9. 0-0 Qc7 10. Re1 0-0-0 11. a4 f5 12. Ned2 Ngf6 13. Nd4 Nc5 14. Nxe6 Nxe6 15. a5 a6 16. Qe2 Nd4 17. Qd1 g5 18. c3 Ne6 19. Qf3 f4 20. Nc4 Bd6 21. Qe2 fxg3 22. fxg3 e4 23. Nxd6+ Qxd6 24. dxe4 Qxg3 25. Qe3 Qe5 26. Qf2 Rhf8 27. Qf5 Nd7 28. Qg4 h5 29. Qxh5 Qg3 30. Be3 Ne5 31. Kh1 Rh8 32. Qe2 Ng4 33. Bf1 Rdf8 34. Qg2 Rxf1+ 35. Rxf1 Rxh3+ 36. Kg1 Qxe3+ 0-1

[Event "Zhukovsky op-A 05"]
[Site "Zhukovsky"]
[Date "2009.05.??"]
[Round "1"]
[White "Chapurin, Alexey V"]
[Black "Ibragimov, Ali"]
[Result "1-0"]
[WhiteElo "2280"]
[BlackElo "2094"]
[PlyCount "143"]
[EventDate "2009.05.??"]
[EventType "swiss"]
[EventRounds "9"]
[EventCountry "RUS"]
[SourceTitle "EXT 2012"]
[Source "ChessBase"]
[SourceDate "2011.11.24"]
[SourceVersion "1"]
[SourceVersionDate "2011.11.24"]
[SourceQuality "1"]

1. d4 Nf6 2. Nf3 e6 3. Bg5 d5 4. Nbd2 c5 5. e4 Be7 6. e5 Nfd7 7. Bxe7 Qxe7 8. c3 Nc6 9. Bd3 cxd4 10. cxd4 Qb4 11. Qb3 a5 12. a3 Qxb3 13. Nxb3 a4 14. Nbd2 Nb6 15. Rc1 Bd7 16. 0-0 h6 17. Rc5 g5 18. h3 Rg8 19. g4 Nc8 20. Rfc1 N8e7 21. Bb5 Ng6 22. Kh2 Nf4 23. Nb1 Ke7 24. Nc3 h5 25. Kg3 hxg4 26. hxg4 f6 27. exf6+ Kxf6 28. Ne2 Raf8 29. R1c2 Rh8 30. Nxf4 gxf4+ 31. Kg2 Rfg8 32. g5+ Kf5 33. Bxa4 Kg4 34. Bxc6 Bxc6 35. Re2 Rh3 36. Rc3 Rxf3 37. Rxf3 Rxg5 38. Rh3 Bb5 39. Re1 Kf5+ 40. Kh2 Rg6 41. Re5+ Kf6 42. Rh4 f3 43. Rf4+ Ke7 44. Rxf3 Bf1 45. Rg3 Rh6+ 46. Kg1 Ba6 47. f3 Kd6 48. Kf2 Rh2+ 49. Rg2 Rh4 50. Ke3 Rh6 51. Rg7 b6 52. Rg2 Rh1 53. Kd2 Rf1 54. Re3 Rh1 55. Rg6 Bc8 56. Kc2 Rh4 57. Kc3 Bd7 58. b3 Rf4 59. a4 Rf8 60. Kb4 Ra8 61. f4 Rf8 62. Rf3 Kc7 63. f5 exf5 64. Rc3+ Kb7 65. Rg7 Rd8 66. Rf7 Kb8 67. Re3 Kc7 68. Re5 Kd6 69. Rf6+ Kc7 70. Rxd5 Re8 71. Rf7 Rd8 72. Rdxf5 1-0

[Event "Zhukovsky op-A 05"]
[Site "Zhukovsky"]
[Date "2009.05.??"]
[Round "3"]
[White "Chapurin, Alexey V"]
[Black "Zhukovsky, Viacheslav"]
[Result "1/2-1/2"]
[WhiteElo "2280"]
[BlackElo "2151"]
[PlyCount "51"]
[EventDate "2009.05.??"]
[EventType "swiss"]
[EventRounds "9"]
[EventCountry "RUS"]
[SourceTitle "EXT 2012"]
[Source "ChessBase"]
[SourceDate "2011.11.24"]
[SourceVersion "1"]
[SourceVersionDate "2011.11.24"]
[SourceQuality "1"]

1. Nf3 d5 2. d4 e6 3. g3 f5 4. Bg2 Be7 5. 0-0 Nf6 6. Nbd2 0-0 7. Ne5 Nbd7 8. Ndf3 Bd6 9. c4 c6 10. Bf4 Qe7 11. c5 Bxe5 12. Nxe5 Nxe5 13. Bxe5 Qf7 14. b4 Bd7 15. a4 g5 16. Bd6 Rfe8 17. Qd3 a6 18. f3 g4 19. Be5 h5 20. Rf2 Qg6 21. Bd6 Qh7 22. Qd2 Kf7 23. Be5 Qg6 24. Re1 Rg8 25. e4 Rae8 26. Qf4 1/2-1/2

[Event "Moscow op-B"]
[Site "Moscow"]
[Date "2009.02.06"]
[Round "7"]
[White "Chapurin, Alexey V"]
[Black "Lopukhin, Anatoly Viktorovich"]
[Result "0-1"]
[WhiteElo "2280"]
[BlackElo "1400"]
[PlyCount "86"]
[EventDate "2009.01.31"]
[EventType "swiss"]
[EventRounds "9"]
[EventCountry "RUS"]
[SourceTitle "EXT 2012"]
[Source "ChessBase"]
[SourceDate "2011.11.24"]
[SourceVersion "1"]
[SourceVersionDate "2011.11.24"]
[SourceQuality "1"]

1. Nf3 d6 2. d4 Bg4 3. Nbd2 Nf6 4. g3 Nc6 5. c4 g6 6. h3 Bc8 7. d5 Nb8 8. b3 Bg7 9. Bb2 0-0 10. Bg2 e6 11. e4 exd5 12. cxd5 Re8 13. 0-0 Nxe4 14. Bxg7 Nxd2 15. Qxd2 Kxg7 16. Qc3+ Qf6 17. Qxc7 Na6 18. Qa5 Nc5 19. Rae1 b6 20. Qd2 Bxh3 21. Bxh3 Qxf3 22. Bg2 Qf6 23. b4 Nd7 24. Rc1 Ne5 25. f4 Ng4 26. Bh3 Ne3 27. Rf3 Nf5 28. Rd3 h5 29. Rc6 h4 30. Bxf5 Qxf5 31. Rxd6 Qg4 32. Kf2 Rh8 33. Qc3+ Kg8 34. Rc6 hxg3+ 35. Rxg3 Qxf4+ 36. Kg2 Qe4+ 37. Qf3 Qb1 38. a3 Re8 39. Rh3 Rxh3 40. Kxh3 Qg1 41. Rc3 Kg7 42. Qg3 Rh8+ 43. Kg4 Qd4+ 0-1